000
00296nam a22001097a 4500
999
_c
526991
_d
526991
082
_a
AAx54 Se75
100
_a
Sethi, K. K.
_9
46782
245
_a
Bhartiya darshan: samajhne ka ek prayaas
_c
by K.K. Sethi
260
_a
New Delhi
_b
Kevisa
_c
2023
300
_a
248p.
650
_a
Philosophy - India
_9
46783